LEADER 01153nam a2200265 i 4500 001 000000343068 003 CaOOAMICUS 005 20210120105645.0 008 201123s2009 it u001 u ita u 013 $a81299 020 $a978-88-8227-293-7 040 $aSeMil$bita 100 1 $aXeres, Saverio .$0(OLS)http://semarc/name/89690 245 14$aUna Chiesa da riformare :$nnostalgia di evangelo /$cSaverio Xeres ; scelta antologica con la collaborazione di Matthias Wirz. 264 1$aMagnano :$bQiqajon,$c2009. 300 $a167 p. ;$c21 cm 650 4$aChiesa - Storia - Riforma.$0(OLS)http://semarc/subject/850 700 1 $aWirz, Matthias.$0(OLS)http://semarc/name/112489 830 0$aSequela oggi.$0(OLS)http://semarc/title/9989 850 $aSeMil 852 $aSeMil$W1$xVenegono$y1$m3A I 121$j223025$B234047$CSeMilBibl$Z2$F234047 $81 996 $6020$a978-88-8227-293-7$9(OLS)http://semarc/number/291696 996 $6245$aUna Chiesa da riformare :$nnostalgia di evangelo$9(OLS)http://semarc/title/432029 996 $6264$aMagnano :$bQiqajon$9(OLS)http://semarc/publisher/32326 LEADER 00607naa a2200145 i 4500 001 000000297066 003 CaOOAMICUS 005 20180831172557.0 008 180831n xx u000 u und u 013 $a4579 040 $aSeMil$bita 100 1 $aPrinsloo, Willelm S.$0(OLS)http://semarc/name/85578 245 10$aIsaiah 42,10-12 "sing to the Lord a new song". 773 0 $tStudies in the Book of Isaiah.$dLeuven : University Press, 1997.$kBibliotheca Ephemeridum Theologicarum Lovaniensium$z90-6186-817-3$z90-6831-926-4$w()56759 996 $6245$aIsaiah 42,10-12 "sing to the Lord a new song"$9(OLS)http://semarc/title/373106